LEADER 00805nam0-22002651i-450- 001 990006242770403321 005 19980601 035 $a000624277 035 $aFED01000624277 035 $a(Aleph)000624277FED01 035 $a000624277 100 $a19980601d1895----km-y0itay50------ba 105 $a--------00-yy 200 1 $aDella distinzione tra servitu' rustiche ed urbane$econtributo alla teoria delle servitu' prediali$fCarlo Arno'. 210 $aTorino$cBocca$d1895 676 $a346.0435 700 1$aArnò,$bCarlo$f<1868-1953>$0406038 801 0$aIT$bUNINA$gRICA$2UNIMARC 901 $aBK 912 $a990006242770403321 952 $aDONO SCUTO VIII 45$b29175*$fFGBC 959 $aFGBC 996 $aDella distinzione tra servitu' rustiche ed urbane$9638620 997 $aUNINA DB $aGIU01 LEADER 01033nam a2200301 i 4500 001 991000887079707536 005 20020507175243.0 008 010508s|||| us ||| | eng 020 $a0821826700 035 $ab10771220-39ule_inst 035 $aLE01303842$9ExL 040 $aDip.to Matematica$beng 082 0 $a512.74 084 $aAMS 01A60 084 $aAMS 11-03 084 $aQA244 .M69 2000 100 1 $aMozzochi, Charles J.$0441317 245 14$aThe Fermat diary /$cC. J. Mozzochi 260 $aProvidence, RI :$bAmerican Mathematical Society,$cc2000 300 $axi, 196 p. :$bill. (some col.) ;$c23 cm. 500 $aIncludes bibliographical references and index 650 4$aFermat's last theorem 907 $a.b10771220$b21-09-06$c28-06-02 912 $a991000887079707536 945 $aLE013 01A MOZ11 (2000)$g1$i2013000126340$lle013$o-$pE0.00$q-$rl$s- $t0$u0$v0$w0$x0$y.i10869633$z28-06-02 996 $aFermat diary$9922486 997 $aUNISALENTO 998 $ale013$b01-01-01$cm$da $e-$feng$gus $h4$i1